Countries With Claims in Antarctica - Sudden Death - Statistics

General Stats
  • This quiz has been taken 914 times
  • The average score is 3 of 7
Answers on the Grid
Answers color-coded by a green-red scale on the quiz's grid according to % correct below.
China
United States
Australia
Sweden
Chile
Russia
Canada
South Africa
Netherlands
Argentina
United Kingdom
Spain
New Zealand
Brazil
Portugal
India
Japan
Mexico
Germany
France
Norway
Indonesia
Denmark
Belgium
Italy
Madagascar
Uruguay
Switzerland
 
Answer Stats
Answer % Correct
Chile
62%
Australia
59%
Argentina
48%
United Kingdom
42%
New Zealand
36%
Norway
35%
France
29%
No matching quizzes found
Score Distribution
Percent of People with Each Score
Percentile by Number Answered
Your Score History
You have not taken this quiz